000 01257cam a2200241 4500
001 ABS66983
008 030904n2003 000 0 eng u
035 _a(Sirsi) u123502
100 _aLydon, M.
245 _aCommunity mapping: the recovery (and discovery) of our common ground
260 _c2003
490 _aGeomatica
_v57(2) 2003, 131-143(13)
520 _aCommunity mapping is the recovery and discovery of the connections and common ground that all communities share. Community mapping is also part of a global movement for participatory learning, community empowerment and sustainable planning. Explores the power of maps and the theoretical challenge posed by indigenous and community mapping to the discipline of Western cartography. Presents profiles of community mapping initiatives in Canada and a case study of Common Ground Victoria along with community mapping practitioner observations on mapping methodology and technology. [Taken from journal abstract].
590 _aABS
650 _aCOMMUNITY MAPPING
650 _aSUSTAINABLE DEVELOPMENT
650 _aCOMMUNITY DEVELOPMENT
650 _aREGENERATION
650 _aCOMMUNITY PARTICIPATION
650 _aCOMMUNITY PLANNING
690 _aGeomatics
_96242
942 _n0
999 _c73357
_d73357